| 000 | 00435pab a2200145 454500 | ||
|---|---|---|---|
| 008 | 180718b1997 xxu||||| |||| 00| 0 eng d | ||
| 100 | _aLegaspi, Perla E. | ||
| 245 | _aThe role of LGUs in the management of fisheries/aquatic resources: some policy issues and proposals | ||
| 260 | _c1997 | ||
| 300 | _ap.214-27 | ||
| 362 | _aJan-Oct | ||
| 650 | _aFisheries | ||
| 773 | _aPhilippine Journal of Public Administration | ||
| 909 | _a40427 | ||
| 999 |
_c40427 _d40427 |
||